| 000 | 00482ntaaa2200181 4500 | ||
|---|---|---|---|
| 003 | 01 | ||
| 005 | 20251027202810.0 | ||
| 008 | 0714s1973 ag 01 | ||
| 040 |
_aAR-BaBN _bspa _cAR-BaBN _eaacr _dRIC |
||
| 082 | _a882.1000 B56 | ||
| 100 |
_aBlackie, John Stuart _928350 |
||
| 245 | _aLyrical dramas of Aeschylus translated into English verse | ||
| 250 | _a1 ed. | ||
| 260 |
_aLondon : _bJ.M. DENT, _cC1906, 1920 |
||
| 300 | _a434 p | ||
| 650 |
_aesquilo-dramas _928351 |
||
| 942 | _cBK | ||
| 999 |
_c23354 _d23354 |
||